Cortes (Registo nº 202134)

Detalhes MARC
000 -Etiqueta do registo
Valores 00502nam 22001813 4500
021 ## - Número do Depósito Legal
Número 85-209-0269-3
Código do país Brasil
100 ## - Dados gerais de processamento
Dados gerais 20230112d u||y0pory50 ba
200 ## - Titulo e menção de responsabilidade
Título próprio Cortes
Primeira menção de responsabilidade Almeida Faria
210 ## - Publicação
Local de publicação Rio de Janeiro
Nome do editor Nova Fronteira
Data de publicação 1943
215 ## - Descrição física 
Paginação / Volumes 114 p.
Outras indicações físicas brochado
Dimensões 21 cm
606 ## - Nome comum usado como assunto
Palavra de ordem Literatura Portuguesa
ID Autoridade 6
675 ## - CDU
Notação 821.134.3-3
Edição BR
Língua bra
700 ## - Autor principal (pessoa individual)
ID Autoridade 1040
Apelido Faria
Nome Almeida
Datas 1943-
801 ## - Fonte de origem
País PT
Agência BMMN
Regras de catalogação RPC
830 ## - Notas gerais do catalogador
Criado por Ana Falardo
Indexado por Ana Falardo
990 ## - Elementos KOHA
Tipo de documento Livro
Exemplares
Situação do levantamento Biblioteca de origem Código de barras Cota Permissão de empréstimo Tipo de documento Nota relativa ao exemplar Forma de aquisição
  Biblioteca Municipal de Montemor-o-Novo 31558 821.134.3-3 FAR|SAF   Livro Acesso Condicionado Oferta

Powered by Koha